LEADER 02433nam1 22004813i 450 001 CAG0050720 005 20170908093242.0 100 $a19980923g1900 ||||0itac50 ba 101 | $aita 102 $ait 181 1$6z01$ai $bxxxe 182 1$6z01$an 200 1 $aTeatro$fSchiller$gtraduzione di Andrea Maffei$gprecedono due saggi di Arturo Farinelli 210 $aMilano$cIstituto Editoriale Italiano 215 $a v.$d19 cm. 225 | $a˜Gli œimmortali e altri massimi scrittori 410 0$1001RAV0082693$12001 $a˜Gli œimmortali e altri massimi scrittori 463 1$1001CAG0050723$12000 $a4$fSchiller$v4 463 1$1001LO10477700$12000 $a2$fSchiller$v2 463 1$1001LO10477704$12000 $a3$fSchiller$v3 463 1$1001MIL0753320$12000 $a1$fSchiller$v1 463 1$1001NAP0409717$12000 $a1$fSchiller$v1 676 $a832$9LETTERATURA DRAMMATICA TEDESCA$v14 700 1$aSchiller$b, Friedrich$3VBAV000092$4070$037289 702 1$aMaffei$b, Andrea$f <1798-1885>$3CFIV109099 702 1$aFarinelli$b, Arturo$3RAVV054216 790 1$aFarinelli$b, Artur$3NAPV186622$zFarinelli, Arturo 790 1$aSchiller$b, Friedrich Johann Christoph : von$3MILV109019$zSchiller, Friedrich 790 1$aSchiller$b, Friedrich : von$f <1759-1805>$3MUSV077047$zSchiller, Friedrich 790 1$aSchiller$b, Federico$3RMLV050855$zSchiller, Friedrich 790 1$aSchiller$b, Johann Christoph Friedrich : von$3SBNV036179$zSchiller, Friedrich 790 1$aSchiller$b, Johann Christoph Friedrich$3SBNV036180$zSchiller, Friedrich 790 1$aSiler$b, Miroslav$3TSAV485723$zSchiller, Friedrich 801 3$aIT$bIT-NA0079$c19980923 850 $aIT-NA0611$aIT-NA0243$aIT-NA0079$aIT-NA0120 912 $aCAG0050720 950 1$aCentro Librario e Bibliotecario per la Diffusione della cultura$cv. 3 (v. 1,3)$d 67SALA B B VI 284/33$c1 v. (2)$d 67RUGGIERO SPG XXIII 73/2$e 67 0000274465 B v. 2$fT $h20160621$i20160621 950 1$aBIBLIOTECA MARIA D’APONTE$bv. 1-4$cv. 1-4$d 43BIBLIOTECA832 SCHIF te 950 1$aBiblioteca Nazionale Vittorio Emanuele III$cv. 1.-4.$d BNL. FRACC. A 1058 950 1$aIstituto italiano per gli studi storici$bv. 1-4$cv. 1-4$d CRCHABOD NONO C 0012 977 $a 43$a 67$a BN$a CR 996 $aTeatro$9148019 997 $aUNISANNIO LEADER 01494cam0-22005171i-450- 001 990007774590403321 005 20080303133453.0 010 $a88-13-20612-7 035 $a000777459 035 $aFED01000777459 035 $a(Aleph)000777459FED01 035 $a000777459 100 $a20030814d1998----km-y0itay50------ba 101 0 $aita 102 $aIT 105 $ay-------001yy 200 1 $a<>diritto alla tutela della salute$fMonica Cocconi 210 $aPadova$cCedam$d1998 215 $aVII, 160 p.$d24 cm 225 1 $aPubblicazioni della Facoltà di giurisprudenza$fUniversità degli studi di Parma$iNuova serie$v23 320 $aBibliografia: p.145-160 610 0 $aSanità 610 0 $aSanità pubblica$aLegislazione 610 0 $aSalute$aTutela giuridica 610 0 $aDiritto alla salute 676 $a346 676 $a344.04$v20$zita 676 $a344.4504194 676 $a346.01 700 1$aCocconi,$bMonica$0224317 801 0$aIT$bUNINA$gRICA$2UNIMARC 901 $aBK 912 $a990007774590403321 952 $aP.1 P 363$bBibl.31815$fFLFBC 952 $a19-B-331$b10127$fDDCP 952 $aUNIV. 473 (23)$b37348*$fFGBC 952 $aUNIV. 473 (23 BIS)$b39265*$fFGBC 952 $aUNIV. 172 (23)$b33215$fFSPBC 952 $aA-I-A-189$bdip. 8768$fDDRC 959 $aFLFBC 959 $aDDCP 959 $aFGBC 959 $aFSPBC 959 $aDDRC 996 $aDiritto alla tutela della salute$9666865 997 $aUNINA LEADER 01116nam0-22003491i-450- 001 990007453440403321 005 20040407151828.0 010 $a88-140-9432-2 035 $a000745344 035 $aFED01000745344 035 $a(Aleph)000745344FED01 035 $a000745344 100 $a20030723d2001----km-y0itay50------ba 101 0 $aita 102 $aIT 105 $ay---n---001yy 200 1 $aRepertorio della Carta dei diritti fondamentali dell'Unione europea$eannotato con i lavori preparatori e la giurisprudenza delle alte corti europee e della Corte costituzionale italiana$fsotto la direzione di Massimo Panebianco 210 $aMilano$cGiuffrè$d2001 215 $aXXXII, 554 p.$d24 cm 676 $a341.481026$v20$zita 702 1$aPanebianco,$bMassimo 801 0$aIT$bUNINA$gRICA$2UNIMARC 901 $aBK 912 $a990007453440403321 952 $aC-146$fDDRC 952 $aXXIV 13$fDDCIC 952 $aQ 493$b2764$fDSI 959 $aDDRC 959 $aDDCIC 959 $aDSI 996 $aRepertorio della carta dei diritti fondamentali dell'unione europea$9515910 997 $aUNINA